Central Library OPAC University of Rajshahi

The Oxford dictionary of musical works / (Record no. 25920)

MARC details
000 -LEADER
fixed length control field 00797nam a2200277 a 4500
001 - CONTROL NUMBER
control field 25920
003 - CONTROL NUMBER IDENTIFIER
rucl marc code BD-RjUL
005 - DATE AND TIME OF LATEST TRANSACTION
control field 20211209050939.0
008 - FIXED-LENGTH DATA ELEMENTS--GENERAL INFORMATION
fixed length control field 141106s2004 enk d 001 0 eng
020 ## - INTERNATIONAL STANDARD BOOK NUMBER
International Standard Book Number 0198610203
International Standard Book Number 9780198610205
035 ## - SYSTEM CONTROL NUMBER
System control number (BD-RjUL)25990
040 ## - CATALOGING SOURCE
Original cataloging agency DLC
Transcribing agency DLC
Modifying agency DLC
-- BD-RjUL
Language of cataloging eng
041 ## - LANGUAGE CODE
Language code of text/sound track or separate title eng
082 00 - DEWEY DECIMAL CLASSIFICATION NUMBER
Classification number R 780.3
Edition number 22
Author mark and year OXF 2004
245 04 - TITLE STATEMENT
Title The Oxford dictionary of musical works /
Statement of responsibility, etc. edited by Alison Latham.
260 ## - PUBLICATION, DISTRIBUTION, ETC. (IMPRINT)
Place of publication, distribution, etc. Oxford ;
-- New York :
Name of publisher, distributor, etc. Oxford University Press,
Date of publication, distribution, etc. 2004.
300 ## - PHYSICAL DESCRIPTION
Pagination 213 p. ;
Size 20 cm.
490 0# - SERIES STATEMENT
Series statement Oxford paperback reference
500 ## - GENERAL NOTE
General note Includes index.
650 #0 - SUBJECT ADDED ENTRY--TOPICAL TERM
Topical term or geographic name as entry element Music
Form subdivision Dictionaries.
9 (RLIN) 113819
700 1# - ADDED ENTRY--PERSONAL NAME
Personal name Latham, Alison.
942 ## - ADDED ENTRY ELEMENTS (KOHA)
Source of classification or shelving scheme Dewey Decimal Classification
Koha item type Reference
Holdings
Lost status Source of classification or shelving scheme Damaged status Not for loan Collection code Permanent Location Current Location Shelving location Date acquired Source of acquisition Cost, normal purchase price Total Checkouts Full call number Date last seen Copy number Koha item type
  Dewey Decimal Classification   Not For Loan Reference Central Library, University of Rajshahi Central Library, University of Rajshahi   14/07/2014 Chittagong, Battighar 560.50   R 780.3 OXF 2004 06/11/2014 C-1 Reference
  Dewey Decimal Classification   Not For Loan Reference Central Library, University of Rajshahi Central Library, University of Rajshahi   14/07/2014 Chittagong, Battighar 560.50   R 780.3 OXF 2004 06/11/2014 C-2 Reference
  Dewey Decimal Classification   Not For Loan Reference Central Library, University of Rajshahi Central Library, University of Rajshahi   14/07/2014 Chittagong, Battighar 560.50   R 780.3 OXF 2004 06/11/2014 C-3 Reference